Sprievodca po zbierkovom fonde Hudobného múzea Slovenského národného múzea II. = Guide to the collections of the Music museum of the Slovak National museum. Zbierky hudobných nástrojov 1965-2002. Collections of musical instruments /
Uložené v:
| Korporatívny autor: | |
|---|---|
| Ďalší autori: | , , , , |
| Médium: | Kniha |
| Jazyk: | Slovak English |
| Vydané: |
Bratislava :
Slovenské národné múzeum,
2003.
|
| Vydanie: | [1. vyd.] |
| Edícia: | Musaem musicum
|
| Témy: | |
| ISBN: |
808060116X (brož.) |
| Fyzický popis: |
247 s. ; 21 cm. |
| Tagy: |
Pridať tag
Žiadne tagy, Buďte prvý kto otaguje tento záznam!
|
Titul je dostupný aj v ... 

MARC
| LEADER | 00000nam a2200000 a 4500 | ||
|---|---|---|---|
| 001 | 000000771 | ||
| 005 | 20250328121831.0 | ||
| 008 | 040322s2003 xo e c 001 0 sloo | ||
| 020 | |a 808060116X (brož.) | ||
| 040 | |a SVKKK |b slo |c SVKKK |e AACR2 | ||
| 041 | 0 | |a slo |a eng | |
| 044 | |a xo |c SK | ||
| 072 | 7 | |a 780.6 |x Hudobné nástroje a príslušenstvo |2 konspekt | |
| 080 | |a 069.02 |2 1997 | ||
| 080 | |a 681.81 |2 1997 | ||
| 080 | |a (083.81) |2 1997 | ||
| 110 | 2 | |a Slovenské národné múzeum. |b Hudobné múzeum (Bratislava, Slovensko) |4 aut | |
| 245 | 1 | 0 | |a Sprievodca po zbierkovom fonde Hudobného múzea Slovenského národného múzea II. = |b Guide to the collections of the Music museum of the Slovak National museum. |p Zbierky hudobných nástrojov 1965-2002. |p Collections of musical instruments / |c spracoval: Ivan Mačák ; spolupráca Elena Kučerová ; editor: Jana Kalinayová-Bartová ; preklad: Martin C. Styan ; návrh obálky a grafická úprava: Erika Pisarčíková. |
| 246 | 3 | 1 | |a Zbierky hudobných nástrojov 1965-2002 |
| 246 | 3 | 0 | |a Collections of musical instruments |
| 246 | 3 | |a Guide to the collections of the Music museum of the Slovak National museum. Collections of musical instruments | |
| 250 | |a [1. vyd.] | ||
| 260 | |a Bratislava : |b Slovenské národné múzeum, |c 2003. | ||
| 300 | |a 247 s. ; |c 21 cm. | ||
| 366 | |e 500 výtl. | ||
| 440 | 0 | |a Musaem musicum | |
| 500 | |a Údaj o sprac. prevzatý z rubu titulnej strany | ||
| 504 | |a Obsahuje register | ||
| 610 | 2 | 7 | |a Hudobné múzeum Slovenského národného múzea II |z Slovensko |2 SVKKKA |
| 650 | 0 | 7 | |a hudobné nástroje |2 SVKKKPH |
| 655 | 7 | |a katalógy |2 SVKKKPH | |
| 655 | 7 | |a zbierky |2 SVKKKPH | |
| 700 | 1 | |a Bartová, Jana, |d 1964- |4 edt | |
| 700 | 1 | |a Styan, Martin Clifford |4 trl | |
| 700 | 1 | |a Pisarčíková, Erika |4 gpn | |
| 700 | 1 | |a Mačák, Ivan, |d 1935-2016 |4 clb | |
| 700 | 1 | |a Kučerová, Elena, |d 1945-2003 |4 clb | |
| 810 | 2 | |a Hudobné múzeum (Bratislava, Slovensko) |t Musaeum musicum | |
| 919 | |a 80-8060-116-X | ||
| 998 | |a BK | ||
| 090 | |g SCKHL |k Sklad Pribinova 2. posch. |a III.196399 |j 960213 |i 2720021030 |s Absenčne | ||